<?xml version="1.0" encoding="UTF-8"?>
<collection xmlns:xsi="http://www.w3.org/2001/XMLSchema-instance" xsi:schemaLocation="http://www.loc.gov/MARC21/slim http://www.loc.gov/standards/marcxml/schema/MARC21slim.xsd" xmlns="http://www.loc.gov/MARC21/slim">
 <record>
  <leader>00000cam a22000004a 4500</leader>
  <controlfield tag="001">UP-8027390931316075633</controlfield>
  <controlfield tag="003">Buklod</controlfield>
  <controlfield tag="005">20071106143602.0</controlfield>
  <controlfield tag="006">a     r    |||| u|</controlfield>
  <controlfield tag="007">ta</controlfield>
  <controlfield tag="008">050427s2004    xx |||| r|||||000 0|eng d</controlfield>
  <datafield tag="020" ind1=" " ind2=" ">
   <subfield code="a">9718841113</subfield>
  </datafield>
  <datafield tag="035" ind1=" " ind2=" ">
   <subfield code="a">(iLib)UPMIN-00000009874</subfield>
  </datafield>
  <datafield tag="040" ind1=" " ind2=" ">
   <subfield code="a">DLC</subfield>
   <subfield code="c">UP</subfield>
   <subfield code="d">upmin</subfield>
  </datafield>
  <datafield tag="041" ind1=" " ind2=" ">
   <subfield code="a">eng</subfield>
  </datafield>
  <datafield tag="090" ind1=" " ind2=" ">
   <subfield code="a">JS7303</subfield>
   <subfield code="b">A2 B48 2004</subfield>
  </datafield>
  <datafield tag="245" ind1="0" ind2="0">
   <subfield code="a">Beyond good governance</subfield>
   <subfield code="b">participatory democracy in the Philippines</subfield>
   <subfield code="c">edited by Marisol Estrella and Nina Iszatt ; with foreword by John Gaventa.</subfield>
  </datafield>
  <datafield tag="264" ind1=" " ind2="1">
   <subfield code="a">Quezon City</subfield>
   <subfield code="b">Institute for Popular Democracy</subfield>
   <subfield code="c">c2004.</subfield>
  </datafield>
  <datafield tag="300" ind1=" " ind2=" ">
   <subfield code="a">xvi, 352 p.</subfield>
   <subfield code="b">ill</subfield>
   <subfield code="c">23 cm.</subfield>
  </datafield>
  <datafield tag="505" ind1="0" ind2="0">
   <subfield code="a">Finding meaning in local governance through popular participation at the Barangay-Bayan / Tom S. Villarin. -- Deepening democracy or &quot;sophisticated&quot; patronage? : the experience in Barangay Kawayan / Teresa G. Naraval. -- Transforming leadership by creating alternative centers of power : the experince in Barangay Santa Cruz / Lin Ramos Mendez. -- Combining multiple strategies for community organizing and local governance in urbanizing community / Arlene Santos. -- The rebirth of the Makiling Forest Dwellers : environmental governance and empowerment in Bagong Silang / Conrad Castillo. -- Institutionalizing participatory development planning : the experience of the municipal government of Alimodian / Goldelino Chan. -- Innovations in resource mobilization : Surallah does it fiesta-style / Nina Iszatt. -- Assessing the Barangay-Bayan Governance Progra's impact on women's participation in governance : the experience in Barangay Binitayan, Daraga / Maria Dolores G. Alicias. -- Mainstreaming gender in local governance / Kissy Haynes Sumaylo. -- Paralegalism, local governance and development : PESANTEch's work in progress / Vincent E.R. Festin. -- Creating participatory tools for impact assessment / Mario L. Galvez Jr. and Rene D. Clemente. -- Maximizing gains in participatory, democratic governance / Marisol Estrella and Nina Iszatt. -- Empowerment and governance / Joel Rocamora.</subfield>
  </datafield>
  <datafield tag="650" ind1=" " ind2="0">
   <subfield code="a">Local government</subfield>
   <subfield code="z">Philippines</subfield>
   <subfield code="x">Case studies.</subfield>
  </datafield>
  <datafield tag="650" ind1=" " ind2="0">
   <subfield code="a">Democracy.</subfield>
  </datafield>
  <datafield tag="650" ind1=" " ind2="0">
   <subfield code="a">Political participation</subfield>
   <subfield code="z">Philippines.</subfield>
  </datafield>
  <datafield tag="651" ind1=" " ind2="0">
   <subfield code="a">Philippines</subfield>
   <subfield code="x">Politics and government.</subfield>
  </datafield>
  <datafield tag="700" ind1="1" ind2=" ">
   <subfield code="a">Estrella, Marisol.</subfield>
  </datafield>
  <datafield tag="700" ind1="1" ind2=" ">
   <subfield code="a">Iszatt, Nina.</subfield>
  </datafield>
  <datafield tag="852" ind1="0" ind2=" ">
   <subfield code="a">UPMIN</subfield>
   <subfield code="b">UPMIN-MAIN</subfield>
   <subfield code="h">JS7303</subfield>
   <subfield code="i">A2 B48 2004</subfield>
  </datafield>
  <datafield tag="942" ind1=" " ind2=" ">
   <subfield code="a">Book</subfield>
  </datafield>
 </record>
</collection>
